| 000 | 00952nam a22002891a 4500 | ||
|---|---|---|---|
| 001 | 6097217 | ||
| 005 | 20110718132448.0 | ||
| 008 | 770824s1962 xx 000 0 eng | ||
| 010 | _a62006908 | ||
| 035 | _9(DLC) 62006908 | ||
| 035 | _a(OCoLC)3216196 | ||
| 040 |
_aDLC _cOC _dDLC |
||
| 041 | 0 | _aengara | |
| 042 | _apremarc | ||
| 050 | 0 | 0 |
_aPJ6307 _b.H36 1962 |
| 082 | _aPJ 6307.H36 1965 | ||
| 100 | 1 | _aHaywood, John A. | |
| 245 | 0 | 2 |
_aA new Arabic grammar of the written language, _cby J. A. Haywood and H. M. Nahmad. _h[Text] |
| 260 |
_aCambridge _bHarvard University Press _c1962 |
||
| 300 | _a687 p. 19 cm. | ||
| 500 | _a"Replaces the sixth edition of Thatcher's Arabic grammar." | ||
| 650 | 0 |
_aArabic language _xGrammar |
|
| 700 | 1 |
_aNahmad, H. M., _ejoint author. |
|
| 906 |
_a7 _bcbc _coclcrpl _du _encip _f19 _gy-gencatlg |
||
| 985 | _eOCLC REPLACEMENT cdsdistr | ||
| 991 |
_bc-GenColl _hPJ6307 _i.H36 1962 _p00004139458 _tCopy 1 _wOCLCREP |
||
| 999 |
_c37360 _d37360 |
||